00253nam a22000857a 4500082003200000245005100032300003900083526003700122650000800159 a940.543582bENGcL-30, P-27 aEngineers in the Italian campaign 1943 to 1945 axiii, xvi, 101 p. :bill. :c10 Cm a0b0c0d940_543582000000000_ENG aMCE